| 000 -LEADER |
| fixed length control field |
00378nam a2200145Ia 4500 |
| 008 - FIXED-LENGTH DATA ELEMENTS--GENERAL INFORMATION |
| fixed length control field |
200615s9999||||xx |||||||||||||| ||und|| |
| 020 ## - INTERNATIONAL STANDARD BOOK NUMBER |
| International Standard Book Number |
9788121924962 |
| 082 ## - DEWEY DECIMAL CLASSIFICATION NUMBER |
| Classification number |
537.5 |
| Item number |
PRI-V |
| 100 ## - MAIN ENTRY--PERSONAL NAME |
| Personal name |
V.K. MEHTA, ROHIT MEHTA, |
| 245 #0 - TITLE STATEMENT |
| Title |
PRINCIPLES OF POWER SYSTEM |
| 250 ## - EDITION STATEMENT |
| Edition statement |
PAPERBACK; 2005-03-01 |
| 260 ## - PUBLICATION, DISTRIBUTION, ETC. |
| Place of publication, distribution, etc. |
new delhi |
| Name of publisher, distributor, etc. |
S CHAND & CO LTD |
| Date of publication, distribution, etc. |
2017 |
| 300 ## - PHYSICAL DESCRIPTION |
| Extent |
595 |
| 942 ## - ADDED ENTRY ELEMENTS (KOHA) |
| Koha item type |
Book |